<?xml version="1.0" encoding="UTF-8"?><?xml-stylesheet type="text/xsl" href="static/style.xsl"?><OAI-PMH xmlns="http://www.openarchives.org/OAI/2.0/" xmlns:xsi="http://www.w3.org/2001/XMLSchema-instance" xsi:schemaLocation="http://www.openarchives.org/OAI/2.0/ http://www.openarchives.org/OAI/2.0/OAI-PMH.xsd"><responseDate>2026-04-27T21:44:36Z</responseDate><request verb="GetRecord" identifier="oai:uvadoc.uva.es:10324/71024" metadataPrefix="marc">https://uvadoc.uva.es/oai/request</request><GetRecord><record><header><identifier>oai:uvadoc.uva.es:10324/71024</identifier><datestamp>2025-02-03T11:00:30Z</datestamp><setSpec>com_10324_1183</setSpec><setSpec>com_10324_931</setSpec><setSpec>com_10324_894</setSpec><setSpec>col_10324_1397</setSpec></header><metadata><record xmlns="http://www.loc.gov/MARC21/slim" xmlns:doc="http://www.lyncode.com/xoai" xmlns:xsi="http://www.w3.org/2001/XMLSchema-instance" xmlns:dcterms="http://purl.org/dc/terms/" xsi:schemaLocation="http://www.loc.gov/MARC21/slim http://www.loc.gov/standards/marcxml/schema/MARC21slim.xsd">
<leader>00925njm 22002777a 4500</leader>
<datafield tag="042" ind1=" " ind2=" ">
<subfield code="a">dc</subfield>
</datafield>
<datafield tag="720" ind1=" " ind2=" ">
<subfield code="a">Díaz Urbano, María</subfield>
<subfield code="e">author</subfield>
</datafield>
<datafield tag="720" ind1=" " ind2=" ">
<subfield code="a">Velasco, Pablo</subfield>
<subfield code="e">author</subfield>
</datafield>
<datafield tag="720" ind1=" " ind2=" ">
<subfield code="a">Rodríguez, Víctor M.</subfield>
<subfield code="e">author</subfield>
</datafield>
<datafield tag="720" ind1=" " ind2=" ">
<subfield code="a">Poveda Arias, Jorge</subfield>
<subfield code="e">author</subfield>
</datafield>
<datafield tag="260" ind1=" " ind2=" ">
<subfield code="c">2023</subfield>
</datafield>
<datafield tag="520" ind1=" " ind2=" ">
<subfield code="a">Postharvest pathogens cause diseases that reduce the shelf-life of fresh produce, resulting in losses that can reach 50% of the production. Therefore it is necessary to investigate new strategies to reduce the damage caused by these pathogens. Endophytic fungi are microorganisms, including a wide range of filamentous fungi and yeasts, that live in association with host plant tissues or organs without generating disease symptoms. These microorganisms can promote plant growth, increase tolerance to abiotic stresses, or be a source of important chemical compounds for industry. Furthermore, endophytic fungi stand out as important biological control agents (BCAs) of phytopathogens, due to mechanisms such as direct parasitism, production of diffusible or volatile antimicrobial secondary metabolites, lytic enzymes, competition for space and nutrients and/or the activation of plant defenses. In recent decades, several studies have proposed the application of endophytic fungi as BCAs in postharvest diseases in fresh produce, both through direct application and through the use of their secondary metabolites.</subfield>
</datafield>
<datafield tag="024" ind2=" " ind1="8">
<subfield code="a">Díaz-Urbano, M., Velasco, P., Rodríguez, V. M., &amp; Poveda, J. (2023). Endophytic fungi in postharvest disease management in fresh produce. In Postharvest Management of Fresh Produce (pp. 81-112). Academic Press.</subfield>
</datafield>
<datafield tag="024" ind2=" " ind1="8">
<subfield code="a">978-0-323-91132-0</subfield>
</datafield>
<datafield tag="024" ind2=" " ind1="8">
<subfield code="a">https://uvadoc.uva.es/handle/10324/71024</subfield>
</datafield>
<datafield tag="024" ind2=" " ind1="8">
<subfield code="a">81</subfield>
</datafield>
<datafield tag="024" ind2=" " ind1="8">
<subfield code="a">112</subfield>
</datafield>
<datafield tag="024" ind2=" " ind1="8">
<subfield code="a">Postharvest Management of Fresh Produce: Recent Advances</subfield>
</datafield>
<datafield tag="245" ind1="0" ind2="0">
<subfield code="a">Chapter 4 - Endophytic fungi in postharvest disease management in fresh produce</subfield>
</datafield>
</record></metadata></record></GetRecord></OAI-PMH>